MDQL
is popping MORE tags! Check the
thread
!
Quizzes
Events
Quiz Creation
Community
Videos
Private Events
Remove Ads
Sign In
Join for FREE
Feedback
Dark Mode
Quiz Categories
Sports
Geography
Music
Movies
Television
Just For Fun
Miscellaneous
History
Literature
Language
Science
Gaming
Entertainment
Religion
Holiday
For Kids
Quiz Lab
Recent
Popular Today
Quiz Kudos Today
Editor Picks
Curator Picks
Quizzes by...
Day
Popularity
Type
Ratings
Length
Year
Community
Subscriptions
Recent Discussions
Orange Saloon
Badges
Playlists
Quests
Create
Leaderboards
Showdown
Live 5
Trivia Bingo
Activity
Puzzle Library
Sporcle Events
Private Events
Virtual Trivia
Globe League
Become a Host
Pub Owners
SporcleCon
Opinionation
Our Games
Videos
Blog
Mobile Apps
Partnerships
Remove Ads and Go Orange
Feedback
Movies
Disney
Marvel Cinematic Universe
Movie Resume
Movie Titles
Oscar
Actor
Actress
Director
Pixar
Role
Movie Quotes
Movie Characters
Box Office
Nominee
Best Picture
Star Wars
James Bond
Horror Movies
Movies
Disney
Marvel Cinematic Universe
Movie Resume
Movie Titles
Oscar
Actor
Actress
Director
Pixar
Role
Movie Quotes
Movie Characters
Box Office
Nominee
Best Picture
Star Wars
James Bond
Horror Movies
Random Quiz
Search Sporcle
×
Quiz Lab
Quiz Lab
Movies
Show
Type in answers that appear in a list
Type in answers that appear in a list
Classic
Best Score? Go Orange.
Stephen King Adaptations 2 Stats
Can you name the Stephen King Adaptations 2?
By
epfelix17
15m
20 Questions
54 Plays
54 Plays
54 Plays
Comments
Comments
Give Quiz Kudos
Give Quiz Kudos
-
- Ratings
hide this ad
Replay
Link that replays current quiz
Next Quiz
Link to next quiz in quiz playlist
You Got
0%
They Got
Avg Score
87%
Avg Friend Score
Upgrade to see
Score Distribution
Jump to the score distribution portion of the page
Score
0/20
Timer
15:00
0
Plays Today
Description
Film/Show
% Correct
A wild, rabid animal who's gone mad
Cujo
98.1%
A guy who grabs an ax and attempts to redrum at a hotel
The Shining
96.3%
Some people fear 'clowns' and it isn't a he it's an...
It
96.3%
During a winter season, she captures and recovers an author. What is the name of her favorite character?
Misery
94.4%
She possesses telekinetic powers, she's shy, and her name is...
Carrie
92.6%
The opposite of 'sit'
The Stand
92.6%
She's the one that starts fire
Firestarter
90.7%
She's a fast-
moving vehicle and she is called what?
Christine
90.7%
It features Morgan Freeman and it takes place in prison
The Shawshank Redemption
90.7%
It stars Tom Hanks and Michael Clarke Duncan
The Green Mile
90.7%
Description
Film/Show
% Correct
What's the other word for fog?
The Mist
90.7%
It's where the cadavers of 'pets' belong in
Pet Sematary
88.9%
When 4 boys discover cavaders
Stand By Me
87%
It features Arnold Schwarzenegger
The Running Man
85.2%
I'm thinking of a year between 1400 & 1500
1408
85.2%
One way to kill a werewolf is by a...
Silver Bullet
83.3%
It involves vampires
Salem's Lot
83.3%
When people are trapped in a giant fish bowl
Under the Dome
77.8%
Where the 'children' are in
Children of the Corn
74.1%
This guy is psychic, and he is in...
The Dead Zone
70.4%
Quiz Playlist
Details
Report
Send in Message
Add To Playlist
Classic:
Type in answers that appear in a list
Last Updated: Feb 8, 2018
Quiz Scoreboard
CHALLENGE
Sign Up to Join the Scoreboard
Show All
Scores
Hide
Comments
May contain spoilers
Recently Published
Two Season TV Shows II
by 123Four
Television
10m
Image Sorting: Flags VI
by Barbecue
Geography
2m
Find the 'City' Movie
by crazypaving
Movies
60s
More to Explore
Quiz From the Vault
Featured Blog Post
14 Easter Pick-up Lines to Find Eggs With
hide this ad
You Might Also Like...
Tags
Show Quiz
Adaptation
description
King
stephen
Stephen King
Today's Top Quizzes in Movies
Browse Movies
hide this ad
Today's Top Quizzes in Show
Browse Show
Top Contributed Quizzes in Movies
1
The ultimate James Bond movie quiz
2
Find The 'Big' Movie
3
Find The 'Wild' Movie
4
Find The 'Blue' Movie
5
Movies By Plot
6
Hidden Star Wars Character II
7
Pick 5 Posters: Directed by Spielberg
8
Hidden Star Wars Character III
9
Hidden Star Wars Character IV
10
25 Best Actor Nominees (1990s)
Explore More
Trending Topics
Kpop
Harry Potter
Anime
NBA
Crossword
Marvel
Disney
Song
Pokémon
Soccer
Puzzle
WWE
NFL
Country
The Office
hide this ad
More By:
epfelix17
Quiz
Plays
Rating
Category
Featured
Created
Stephen King Adaptations 1
111
3.00
Movies
Feb 8, 2018
Stephen King Adaptations 2
54
2.00
Movies
Feb 8, 2018
Names of Characters from Toho
43
Movies
Feb 14, 2018
The Unthinkables of Superflex 2
14
Miscellaneous
Feb 8, 2018
Go to Creator's Profile
Score Distribution
Quiz Creator Spotlight
epfelix17
Follow
Send a Message
Quizzes Created
-
Created Quiz Play Count
-
More By This Creator
Popular Quizzes Today
1
Find the US States - No Outlines Minefield
2
Colored Red Africa Blitz
3
Find the 'City' Movie
4
5x2 Blitz: Bands
5
The Countries of the World
6
Find the Countries of Europe - No Outlines Minefield
7
Find the US States
8
US States
More Movies Quizzes
Steven Spielberg One Word Movies
Quiz Lab
Trending Quizzes
Colored Red Europe Blitz I
Colored Red Africa Blitz II
Colored Red Europe Blitz II
Colored Red Europe Blitz III
Colored Red Africa Blitz III
Recently Updated
How Do You Spell That?
pecheneg
Godzilla Movies
pecheneg
Grab Bag: 4-10 Letters
pecheneg
2024 March Madness Bracket
pecheneg
Famous TV Couples
Peacemaker
Champions League XIs: Real Madrid
pecheneg
Largest US Cities 1790-2010
pecheneg
Rides in Walt Disney World
pecheneg
Most Oscar Losses (Acting)
pecheneg
Beyoncé Albums
pecheneg
Trending Topics
Marvel
Crossword
Disney
Anime
Harry Potter
Kpop
NBA
WWE
NFL
Country
Puzzle
Pokémon
Soccer
The Office
Song
Your Account Isn't Verified!
In order to create a playlist on Sporcle, you need to verify the email address you used during registration. Go to your
Sporcle Settings
to finish the process.
Report this User
Report this user for behavior that violates our
Community Guidelines
.
Details:
Send Report
Go to the Sporcle.com Mobile Site →
Comments